000 00573nam a22001817a 4500
999 _c191896
_d191896
005 20220906165519.0
010 _aENG-134943
020 _a9788180482519
_c350.00
035 _aEN-118475
037 _bDBAD/PUB
082 _a070.49
100 _aTrikha, Poorva
245 _aPhotojournalism:
_bA Tool For Social Change/
_cBy Poorva Trikha
260 _aChandigarh
_bArun Publishing House Pvt Ltd
_c2014
270 _aSCO 49-51, Sector 17 C
_bChandigarh
_e160017
_marunpublishing@gmail.com
300 _a104p.
_c22cm(hb)
942 _2ddc
_cEN
_h070.49
_mTRI